书目信息 |
| 题名: |
海洋机器人运动控制技术
|
|
| 作者: | 周焕银 , 刘开周 , 封锡盛 著 | |
| 分册: | ||
| 出版信息: | 北京 科学出版社 2019.09 |
|
| 页数: | 215页 | |
| 开本: | B5 | |
| 丛书名: | ||
| 单 册: | ||
| 中图分类: | TP242.3 | |
| 科图分类: | ||
| 主题词: | 机器人技术 | |
| 电子资源: | ||
| ISBN: | 978-7-5088-5614-8 | |
| 000 | 00800nam0 2200253 450 | |
| 001 | 2265580816 | |
| 005 | 20220914181441.67 | |
| 010 | @a978-7-5088-5614-8@b精装@dCNY116.00 | |
| 092 | @aCN@b2022 | |
| 100 | @a20220614d2019 km y0chiy0120 ea | |
| 101 | 0 | @achi |
| 102 | @aCN@b110000 | |
| 200 | 1 | @a海洋机器人运动控制技术@AHai Yang Ji Qi Ren Yun Dong Kong Zhi Ji Shu@f周焕银,刘开周,封锡盛著@FZhou Huan Yin,Liu Kai Zhou,Feng Xi Sheng Zhu |
| 205 | @a1 | |
| 210 | @a北京@c科学出版社@d2019.09 | |
| 215 | @a215页@dB5 | |
| 606 | 0 | @a机器人技术 |
| 690 | @aTP242.3@v4 | |
| 701 | 0 | @a周焕银@AZhou Huan Yin@4著 |
| 701 | 0 | @a刘开周@ALiu Kai Zhou@4著 |
| 701 | 0 | @a封锡盛@AFeng Xi Sheng@4著 |
| 801 | 0 | @aCN@b大连网信软件有限公司图书馆·11@c20220914 |
| 905 | @aZUCC@dTP242.3@e6 | |
| 906 | @c2022@d116@n3@r1 | |
| 海洋机器人运动控制技术/周焕银,刘开周,封锡盛著.-1.-北京:科学出版社,2019.09 |
| 215页;B5 |
| ISBN 978-7-5088-5614-8(精装):CNY116.00 |
| ● |
| 相关链接 |
|
|
|
正题名:海洋机器人运动控制技术
索取号:TP242.3/6
 
预约/预借
| 序号 | 登录号 | 条形码 | 馆藏地/架位号 | 状态 | 备注 |
| 1 | 2000893023 | 2000893023 | 第三书库/ [索取号:TP242.3/6] | 在馆 | |
| 2 | 2000893024 | 2000893024 | 第三书库/ [索取号:TP242.3/6] | 在馆 | |
| 3 | 2000893025 | 2000893025 | 第三书库/ [索取号:TP242.3/6] | 在馆 |